Statistiques concernant Focus sur: Renée Bibine - Harry Potter

Cliquez ici pour prendre le quiz!

Statistiques générales

  • Ce quiz a été pris 122 fois
  • Le résultat moyen est 5 sur 6

Statistiques - réponses

Informations recherchéesRéponses% Correct
ProfessionProfesseur de vol | Arbitre de Quidditch
100%
Lieu de rencontre avec Harry PotterPoudlard
99%
Ecole fréquentéePoudlard
99%
Première apparitionHarry Potter à l'école des sorciers
97%
Couleur des cheveuxGris
94%
Actrice l'interprétant dans les filmsZoë Wanamaker
23%

Distribution des résultats

Percentile par nombre de réponses

% des personnes avec chaque résultat

Votre développement - résultats

Vous n’avez pas pris ce quiz